People in History - Based on Their Initials and Job #2 - Statistics

General Stats
  • This quiz has been taken 125 times
  • The average score is 7 of 10
Answer Stats
Initials Job Answer % Correct
GG astronomer Galileo Galilei
88%
IN astronomer and mathematician Isaac Newton
88%
RP civil rights activist Rosa Parks
81%
MA Queen Marie Antoinette
76%
HGW author H.G. Wells
69%
KM philosopher Karl Marx
68%
NB military leader Napoleon Bonaparte
68%
RW composer Richard Wagner
62%
MC physicist Marie Curie
54%
JC explorer James Cook
50%
No matching quizzes found
Score Distribution
Percent of People with Each Score
Percentile by Number Answered
Your Score History
You have not taken this quiz